| 000 | 00909cam a2200289 a 4500 | ||
|---|---|---|---|
| 999 |
_c533081 _d533081 |
||
| 001 | 1199654 | ||
| 003 | NUST | ||
| 005 | 20191211170238.0 | ||
| 008 | 980914s1999 nyu 000 1 eng | ||
| 010 | _a 98037725 | ||
| 020 | _a0393047210 | ||
| 038 | _aM.Ramzan | ||
| 040 |
_aDLC _cDLC _dDLC |
||
| 043 | _an-us--- | ||
| 050 | 0 | 0 |
_aPS3552.R685674 _bD75 1999 |
| 082 | 0 | 0 |
_a813.54 _221 _bBRO |
| 100 | 1 |
_aBrown, Jason, _d1969- _926764 |
|
| 245 | 1 | 0 |
_aDriving the heart and other stories / _cJason Brown. |
| 246 | 3 | 0 | _aDriving the heart |
| 250 | _a1st ed. | ||
| 260 |
_aLondon : _bVintage, _c2000. |
||
| 300 |
_a224 p. ; _c22 cm. |
||
| 651 | 0 |
_aUnited States _xSocial life and customs _y20th century _xFiction. _926765 |
|
| 906 |
_a7 _bcbc _corignew _d1 _eocip _f19 _gy-gencatlg |
||
| 942 |
_2ddc _cBK |
||